Việt Nam văn hoá sử cương
Đại cương văn hoá. Lịch sử tiến hoá của dân tộc Việt Nam. Đời sống văn hoá của người Việt xưa trên các bình diện: Kinh tế sinh hoạt, xã hội chính trị sinh hoạt, tri thức sinh hoạt
Enregistré dans:
| Auteur principal: | |
|---|---|
| Format: | Livre |
| Langue: | Vietnamese |
| Publié: |
H.
Văn hoá Thông tin
2006
|
| Édition: | Tái bản |
| Sujets: | |
| Tags: |
Ajouter un tag
Pas de tags, Soyez le premier à ajouter un tag!
|
| Thư viện lưu trữ: | Mạng thư viện Đại học Đà Nẵng |
|---|
| LEADER | 01089nam a2200337 4500 | ||
|---|---|---|---|
| 001 | 000006794 | ||
| 003 | 2954 | ||
| 005 | 20110921140943.0 | ||
| 008 | 110921s2006 viesd | ||
| 020 | |c 40000đ | ||
| 041 | 0 | |a vie | |
| 082 | |a 306.09597 |b ĐA-A | ||
| 100 | 0 | |a Đào Duy Anh | |
| 245 | 0 | |a Việt Nam văn hoá sử cương |c Đào Duy Anh | |
| 250 | |a Tái bản | ||
| 260 | |a H. |b Văn hoá Thông tin |c 2006 | ||
| 300 | |a 369 tr. |c 19 cm. | ||
| 520 | |a Đại cương văn hoá. Lịch sử tiến hoá của dân tộc Việt Nam. Đời sống văn hoá của người Việt xưa trên các bình diện: Kinh tế sinh hoạt, xã hội chính trị sinh hoạt, tri thức sinh hoạt | ||
| 653 | |a Bản sắc văn hoá | ||
| 653 | |a Văn hoá | ||
| 653 | |a Việt Nam | ||
| 653 | |a Lịch sử | ||
| 910 | |a Huỳnh Thị Cẩm Lai |d 21/09/2011 | ||
| OWN | |a LSP | ||
| 999 | |a From the UDN01 | ||
| TYP | |a Monograph | ||
| TYP | |a Printed language | ||
| 980 | |a Mạng thư viện Đại học Đà Nẵng | ||